Rozšírení etického kodexu ve firmách v České republice

Pojem etický kódex. Základné smery v oblasti etického a zodpovedného podnikania. Tradičné nástroje etického riadenia. Etické kódexy vo svete a v Českej republike.

Salvato in:
Dettagli Bibliografici
Autore principale: Caha, Zdenek
Altri autori: Urban, Jan
Natura: Capitolo di libro
Lingua:ceco
Soggetti:
Tags: Aggiungi Tag
Nessun Tag, puoi essere il primo ad aggiungerne!!

MARC

LEADER 00000naa a2200000 4500
001 0238371
005 20220714120545.2
041 0 |a cze 
044 |a CZ 
245 1 0 |a Rozšírení etického kodexu ve firmách v České republice  |c Zdenek Caha, Jan Urban 
520 |a Pojem etický kódex. Základné smery v oblasti etického a zodpovedného podnikania. Tradičné nástroje etického riadenia. Etické kódexy vo svete a v Českej republike. 
610 2 0 |a kódexy etické 
610 2 0 |a podnikanie zodpovedné 
610 2 0 |a etika podnikateľská 
610 2 0 |a etika podniková 
610 2 0 |a história 
610 2 0 |a Česko 
100 1 |a Caha, Zdenek 
700 1 |a Urban, Jan